Stations de ski des Alpes françaises sur une carte - Statistiques

Statistiques générales
  • Ce quiz a été pris 3 130 fois
  • Le résultat moyen est 7 sur 15
Réponses sur la Carte
Les réponses sont colorées sur une échelle allant du rouge au vert en fonction du pourcentage des utilisateurs qui les ont devinées à leur premier essai. Vous pouvez retrouver ces pourcentages ci-dessous.
 
Statistiques - réponses
Kilomètres de piste revendiqués Domaines Stations % Correct
600 Les Trois Vallées Les Menuires | Saint-Martin-de-Belleville | Courchevel | Méribel | La Tania | Brides-les-Bains | Val Thorens | Orelle
90%
425 Paradiski La Plagne | Champagny-en-Vanoise | Peisey-Vallandry | Les Arcs | Montchavin-Les Coches | Villaroger
73%
300 Espace Killy Tignes | Val d'Isère
73%
169 (non reliés) Vallée de Chamonix Les Houches | Chamonix-Mont-Blanc | Argentière | Vallorcine
68%
650 (non reliés, partagés avec la Suisse) Portes du Soleil Abondance | Avoriaz | Châtel | La Chapelle-D'abondance | Les Gets | Morzine | Montriond | St Jean d'Aulps
65%
250 Alpe d'Huez Grand Domaine L'Alpe d'Huez | Vaujany | Auris-en-Oisans | Oz-en-Oisans | Villard-Reculas
58%
445 (non reliés) Évasion Mont-Blanc Combloux | Megève | La Giettaz-en-Aravis | Saint-Gervais | Saint-Nicolas-de-Véroce | Les Contamines | Hauteluce | Cordon
55%
220 (non reliés) Domaine des Aravis La Clusaz | Manigod | Le Grand-Bornand
48%
250 Serre-Chevalier Briançon | Chantemerle | Villeneuve | Le Monêtier-les-Bains
44%
200 Les Deux Alpes Les Deux Alpes | La Grave
39%
265 Grand Massif Flaine, | Les Carroz d'Arâches | Morillon | Samoëns | Sixt-Fer-à-Cheval
31%
192 Espace Diamant Crest-Voland Cohennoz | Flumet | Notre-Dame-de-Bellecombe | Praz-sur-Arly | Les Saisies | Hauteluce
30%
185 La Forêt Blanche Risoul | Vars
27%
300 Les Sybelles Le Corbier | La Toussuire | Les Bottières | Saint-Jean-d'Arves | Saint-Sorlin-d'Arves | Saint-Colomban-des-Villards
22%
180 Espace Lumière Pra Loup | Val d'Allos
15%
Aucun quiz correspondant
Distribution des résultats
% des personnes avec chaque résultat
Percentile par nombre de réponses
Votre historique - résultats
Vous n’avez pas pris ce quiz